000 00444nam a2200181 a 4500
001 1766296075875
003 YourLibrary
005 20251221111917.0
008 251221s1991##################000#0#eng##
020 _a0881631027
082 0 4 _a616.86
_bBER
245 1 0 _aSubstance Abuse as Symptom :
260 _bRoutledge,
_c1991.
300 _a259 pages
650 0 _aMedical.
942 _cENGLISH
040 _aYourLibrary
_beng
_cYourLibrary
999 _c603354
_d603354